Básne

Bibliographic Details
Main Author: Matláková, Zlata, 1949- (Author)
Format: Article
Language:Slovak
Subjects:

MARC

LEADER 00000nab a2200000uu 4500
001 vtls012233793
003 SK-MaSNL
005 20260303221310.0
008 230622|2013 xo |||||||||||||||||slo|
015 |a SNBRB 
040 |a SNKBUCL  |b slo  |c SNKBUCL  |e AACR2 
041 0 |a slo 
044 |a xo  |c SK 
100 1 |a Matláková, Zlata,  |d 1949-  |4 aut  |9 111671 
245 1 0 |a Básne  |c Zlata Matláková 
500 |a Obsahuje 2 básne 
655 7 |a slovenská poézia  |2 SNKPH  |9 70444 
740 0 2 |a V mlyne 
740 0 2 |a Spätosť so stromom 
773 0 |t Slovenské pohľady  |g Roč. IV.+129, č. 9 (2013), s. 73-74 
852 |a Slovenská národná knižnica 
954 |a beletria pôvodná (slovenská)  |2 lita 
958 |a LX 
999 |c 2232636  |d 2234566